[Event "22nd EUR-ch (w)"]
[Site "Prague CZE"]
[Date "2022.08.23"]
[Round "4.50"]
[White "Dwilewicz, Katarzyna"]
[Black "Markova, Karolina"]
[Result "1/2-1/2"]
[WhiteElo "2131"]
[BlackElo "1635"]
[EventDate "2022.08.20"]
[PlyCount "164"]

1.e4 c5 2.Nf3 Nc6 3.c3 d5 4.exd5 Qxd5 5.d4 cxd4 6.cxd4 Bg4 7.Nc3 Qa5 8.Bc4
e6 9.O-O Nf6 10.h3 Bh5 11.Re1 Be7 12.g4 Bg6 13.g5 Nd5 14.Bxd5 exd5 15.Ne5 
Bf5 16.Qh5 g6 17.Qh4 Be6 18.Nxg6 Rg8 19.Nxe7 Nxe7 20.Qxh7 Kd7 21.Qd3 a6 
22.Bf4 Rh8 23.Re3 Rh4 24.Ne2 Rah8 25.Be5 R8h5 26.Nf4 Rxg5+ 27.Kh2 Rxe5 28.
Rxe5 Rxf4 29.Re2 Nf5 30.Rg1 Rxd4 31.Qb3 Qc7+ 32.Kh1 Rh4 33.Rd1 Ne7 34.Re3 
Rc4 35.Qd3 Rc1 36.Ree1 Rxd1 37.Rxd1 Qf4 38.Qb3 Qc7 39.Kg2 Nc6 40.Qg3 Qb6 
41.b3 d4 42.h4 Qa5 43.a4 Qd5+ 44.Qf3 Qxb3 45.Qxb3 Bxb3 46.Rb1 Bd5+ 47.Kg3 
Ne7 48.Kf4 Ke6 49.h5 Kf6 50.Rd1 Nf5 51.h6 Nxh6 52.Rxd4 Ke6 53.a5 Nf5 54.
Rxd5 Kxd5 55.Kxf5 Kc5 56.Kf6 Kb5 57.Kxf7 Kxa5 58.f4 b5 59.f5 b4 60.f6 b3 
61.Ke6 b2 62.f7 b1=Q 63.f8=Q Qe4+ 64.Kd7 Qb7+ 65.Ke6 Qc6+ 66.Ke5 Kb5 67.
Qf1+ Qc4 68.Qb1+ Ka4 69.Qa1+ Kb4 70.Qb2+ Kc5 71.Qa3+ Kb6 72.Qd6+ Qc6 73.
Qxc6+ Kxc6 74.Kd4 Kb5 75.Kc3 a5 76.Kb3 a4+ 77.Ka3 Ka5 78.Ka2 Kb4 79.Kb2 
a3+ 80.Ka2 Ka4 81.Kb1 Kb3 82.Ka1 a2 1/2-1/2

[Event "22nd EUR-ch (w)"]
[Site "Prague CZE"]
[Date "2022.08.23"]
[Round "4.51"]
[White "Folkova, Martina"]
[Black "Huda, Maryana"]
[Result "0-1"]
[WhiteElo "1991"]
[BlackElo "2128"]
[EventDate "2022.08.20"]
[PlyCount "86"]

1.e4 e5 2.Nf3 Nc6 3.Bb5 a6 4.Ba4 Nf6 5.O-O b5 6.Bb3 Bb7 7.d3 Be7 8.a4 O-O 
9.Nc3 b4 10.Ne2 d5 11.exd5 Nxd5 12.a5 Re8 13.Ng3 Bf8 14.Bg5 Qd7 15.Re1 h6 
16.Bd2 Rad8 17.Ba4 Qd6 18.h3 Qf6 19.Nh2 Nf4 20.Ne4 Qg6 21.Qg4 f5 22.Qxg6 
Nxg6 23.Ng3 Nh4 24.Ne2 e4 25.Nf4 Kh7 26.c3 g5 27.Nh5 Kg6 28.g3 Rxd3 29.
Nf4+ gxf4 30.Bxf4 Nf3+ 31.Nxf3 Rxf3 32.Be3 f4 33.Bxf4 Bc5 34.Re2 bxc3 35.
b4 Bd6 36.Be3 Ra8 37.Rb1 Nxb4 38.Bf4 Bf8 39.Bxc7 Bd5 40.Bf4 Rd8 41.Be3 Bc4
42.Ree1 c2 43.Ra1 Bg7 0-1

[Event "22nd EUR-ch (w)"]
[Site "Prague CZE"]
[Date "2022.08.23"]
[Round "4.52"]
[White "Marcinczyk, Monika"]
[Black "Schloffer, Jasmin-Denise"]
[Result "1/2-1/2"]
[WhiteElo "1934"]
[BlackElo "2127"]
[EventDate "2022.08.20"]
[PlyCount "100"]

1.e4 e5 2.Nf3 Nc6 3.Bb5 a6 4.Ba4 Nf6 5.O-O Be7 6.d3 b5 7.Bb3 d6 8.c3 O-O 
9.h3 Na5 10.Bc2 c5 11.d4 Qc7 12.d5 Nc4 13.a4 bxa4 14.Rxa4 Nb6 15.Ra2 c4 
16.Be3 Bd7 17.Nfd2 Bb5 18.Na3 Nfd7 19.Qe2 f5 20.Bxb6 Nxb6 21.exf5 Bd7 22.
Ndxc4 Nxd5 23.Ne3 Nxe3 24.fxe3 d5 25.Qd3 Bc6 26.Bb3 Qb7 27.c4 e4 28.Qd1 
Rad8 29.cxd5 Bxd5 30.Bxd5+ Rxd5 31.Qe2 Rd3 32.Nc2 Qd5 33.Ra4 Bc5 34.Nd4 
Bxd4 35.exd4 Rxf5 36.Rc1 Rxd4 37.Rxa6 h6 38.Rg6 Kh7 39.Rg4 Rf7 40.Re1 Re7 
41.Qf2 Qc5 42.Rg3 Qe5 43.Rge3 Qg5 44.Rg3 Qd5 45.Rge3 Rd2 46.Qh4 Re5 47.
Rxe4 Rxb2 48.Qf4 Rg5 49.Qf3 Qd2 50.R4e2 Qd4+ 1/2-1/2

[Event "22nd EUR-ch (w)"]
[Site "Prague CZE"]
[Date "2022.08.23"]
[Round "4.53"]
[White "Bashylina, Luisa"]
[Black "Vega Gutierrez, Sabrina"]
[Result "1/2-1/2"]
[WhiteElo "2018"]
[BlackElo "2366"]
[EventDate "2022.08.20"]
[PlyCount "62"]

1.d4 d5 2.c4 e6 3.Nc3 c6 4.e4 dxe4 5.Nxe4 Bb4+ 6.Bd2 Qxd4 7.Bxb4 Qxe4+ 8.
Be2 c5 9.Bxc5 Qxg2 10.Qd6 Nd7 11.Bf3 Qg5 12.Ba3 Qe5+ 13.Ne2 Qxd6 14.Bxd6 
Ne7 15.Nd4 Nf5 16.Nxf5 exf5 17.O-O-O Nf6 18.Rhe1+ Ne4 19.Bxe4 fxe4 20.
Rxe4+ Be6 21.Ba3 Rd8 22.Rg1 g6 23.b3 Rd3 24.Rg3 Rxg3 25.fxg3 Kd7 26.Kd2 h5
27.Bb2 Rc8 28.Bf6 Rc5 29.h4 Rf5 30.Rd4+ Kc6 31.Rf4 Rxf4 1/2-1/2

[Event "22nd EUR-ch (w)"]
[Site "Prague CZE"]
[Date "2022.08.23"]
[Round "4.54"]
[White "Utiatskaya, Irina"]
[Black "Katter, Katharina"]
[Result "1-0"]
[WhiteElo "2154"]
[BlackElo "1960"]
[EventDate "2022.08.20"]
[PlyCount "133"]

1.d4 Nf6 2.c4 g6 3.Nc3 Bg7 4.e4 d6 5.Be2 O-O 6.h4 e5 7.d5 h5 8.Bg5 Na6 9.
f3 Qe8 10.Qd2 c6 11.Nh3 cxd5 12.cxd5 Bd7 13.Nf2 Nc5 14.g4 hxg4 15.fxg4 b5 
16.Bf3 b4 17.Ne2 Qc8 18.Rg1 Qa6 19.Qe3 b3 20.a3 Na4 21.Rb1 Qa5+ 22.Kf1 Qb6
23.Qxb6 Nxb6 24.Nc3 Nc4 25.Be2 Rfc8 26.Bxc4 Rxc4 27.Ke2 Rac8 28.Rg3 Ne8 
29.h5 Bf6 30.Be3 Bh4 31.Rg2 Bxf2 32.Kxf2 Nf6 33.Kf3 Bxg4+ 34.Rxg4 Nxg4 35.
Kxg4 gxh5+ 36.Kxh5 f5 37.exf5 Kf7 38.Nb5 Rh8+ 39.Bh6 Kf6 40.Rh1 Rf4 41.
Nxd6 Rd4 42.Rh3 Rxd5 43.Ne4+ Kxf5 44.Re3 Rd7 45.Ng3+ Ke6 46.Ne4 Kf5 47.Ng5
e4 48.Nxe4 Rdh7 49.Nd6+ Kf6 50.Rf3+ Ke6 51.Nf5 Ke5 52.Kg6 Ke4 53.Re3+ Kd5 
54.Bg7 Rxg7+ 55.Kxg7 Rb8 56.Ne7+ Kd4 57.Rc3 Rb6 58.Nc6+ Kd5 59.Na5 Rb5 60.
Nxb3 a5 61.Kf6 a4 62.Rc5+ Rxc5 63.Nxc5 Kxc5 64.Ke5 Kc4 65.Kd6 Kb3 66.Kc5 
Kxb2 67.Kb4 1-0

[Event "22nd EUR-ch (w)"]
[Site "Prague CZE"]
[Date "2022.08.23"]
[Round "4.55"]
[White "Kochavi, Dana"]
[Black "Koubova, Anna Marie"]
[Result "0-1"]
[WhiteElo "1894"]
[BlackElo "2122"]
[EventDate "2022.08.20"]
[PlyCount "108"]

1.e4 e6 2.d4 d5 3.Nd2 c5 4.exd5 Qxd5 5.Ngf3 cxd4 6.Bc4 Qd7 7.O-O Nc6 8.Nb3
a6 9.Nbxd4 Nxd4 10.Nxd4 Qc7 11.Bd3 Bd6 12.h3 Ne7 13.c3 O-O 14.Qf3 Ng6 15.
Qh5 Bd7 16.Bd2 Rae8 17.Rae1 f5 18.Bc2 Bf4 19.Bxf4 Nxf4 20.Qd1 Rf6 21.Ne2 
Bb5 22.Nxf4 Qxf4 23.Bd3 Rd8 24.Re3 Rg6 25.Qe2 Qg5 26.f4 Bxd3 27.fxg5 Bxe2 
28.Rxe2 Kf7 29.h4 h6 30.g4 Rd5 31.c4 Rc5 32.b4 Rxc4 33.gxf5 Rg4+ 34.Kh2 
exf5 35.Rxf5+ Kg8 36.Re8+ Kh7 37.Rff8 Rb6 38.a3 Rxh4+ 39.Kg3 hxg5 40.Rh8+ 
Kg6 41.Rxh4 gxh4+ 42.Kxh4 Kf5 43.Rf8+ Rf6 44.Rc8 b5 45.Kg3 Ke4 46.Rc3 Kd4 
47.Rc5 Re6 48.Kf4 Re4+ 49.Kf5 Re3 50.a4 bxa4 51.Ra5 a3 52.Rxa6 Rb3 53.Kg6 
Kc3 54.b5 Kb2 0-1

[Event "22nd EUR-ch (w)"]
[Site "Prague CZE"]
[Date "2022.08.23"]
[Round "4.56"]
[White "Tsirulnik, Maritsa"]
[Black "Kordzadze, Nino"]
[Result "1-0"]
[WhiteElo "2089"]
[BlackElo "1993"]
[EventDate "2022.08.20"]
[PlyCount "123"]

1.d4 e6 2.c4 f5 3.Nf3 Nf6 4.g3 Be7 5.Bg2 d6 6.O-O O-O 7.Nc3 a5 8.b3 Ne4 9.
Bb2 Nxc3 10.Bxc3 Qe8 11.Qc2 Nd7 12.e4 f4 13.e5 dxe5 14.dxe5 Nc5 15.h3 Qh5 
16.Nd4 Bd7 17.g4 Qh6 18.a3 a4 19.b4 Nb3 20.Rad1 f3 21.Nxf3 Bc6 22.Nd4 Nxd4
23.Rxd4 Bf3 24.Qd3 Bxg2 25.Kxg2 Rad8 26.Rxd8 Rxd8 27.Qe4 g5 28.Re1 Qg6 29.
Qxg6+ hxg6 30.c5 Rd3 31.Rc1 c6 32.f3 Bd8 33.Kf2 Bc7 34.Ke2 Rd5 35.Rd1 Kf7 
36.Rd3 b6 37.cxb6 Bxb6 38.Kd2 Ba7 39.Kc2 Bb6 40.Bb2 Ke8 41.Rd2 Be3 42.Re2 
Bf4 43.Bc3 Kf7 44.Re4 Ke8 45.h4 Kd7 46.Bd4 Ke8 47.hxg5 Bxg5 48.f4 Be7 49.
Kc3 Kf7 50.Re3 Rb5 51.Kc4 Rd5 52.Rc3 Bd8 53.Kd3 Bb6 54.Rc4 g5 55.Ke4 Bxd4 
56.Rxd4 gxf4 57.Rxd5 exd5+ 58.Kxf4 Ke6 59.g5 Kf7 60.Kf5 Ke7 61.g6 Kf8 62.
e6 1-0

[Event "22nd EUR-ch (w)"]
[Site "Prague CZE"]
[Date "2022.08.23"]
[Round "4.57"]
[White "Sevcikova, Lucia"]
[Black "Trasakova, Adela"]
[Result "1/2-1/2"]
[WhiteElo "2058"]
[BlackElo "1862"]
[EventDate "2022.08.20"]
[PlyCount "54"]

1.d4 d5 2.c4 c6 3.Nf3 Nf6 4.e3 e6 5.b3 Nbd7 6.Bb2 Bd6 7.Bd3 O-O 8.O-O dxc4
9.bxc4 Qe7 10.Nbd2 e5 11.Qc2 Re8 12.e4 exd4 13.Bxd4 Ne5 14.c5 Bc7 15.Rae1 
Bg4 16.Be2 Rad8 17.Bxe5 Bxe5 18.Nxe5 Qxe5 19.Bxg4 Nxg4 20.Nf3 Qf4 21.h3 
Ne5 22.Nxe5 Rxe5 23.Rd1 Rde8 24.Rfe1 g6 25.f3 Qg5 26.Rd7 R8e7 27.Rxe7 Qxe7
1/2-1/2

[Event "22nd EUR-ch (w)"]
[Site "Prague CZE"]
[Date "2022.08.23"]
[Round "4.58"]
[White "Froewis, Annika"]
[Black "Orian, Noga"]
[Result "0-1"]
[WhiteElo "2044"]
[BlackElo "1855"]
[EventDate "2022.08.20"]
[PlyCount "74"]

1.b3 d5 2.Bb2 Nd7 3.Nf3 Ngf6 4.e3 e6 5.c4 Be7 6.Be2 O-O 7.O-O c5 8.Nc3 b6 
9.cxd5 exd5 10.d4 Bb7 11.Bd3 Re8 12.Rc1 Bd6 13.dxc5 bxc5 14.Na4 Bc6 15.Nc3
Qb8 16.h3 Qb7 17.Nh4 Ne5 18.Bb1 Rad8 19.Ne2 Bf8 20.f4 Ned7 21.Rf3 Ne4 22.
Qe1 Ndf6 23.Nf5 g6 24.Qh4 d4 25.Nh6+ Bxh6 26.Qxh6 Nc3 27.Nxc3 Bxf3 28.Qg5 
dxc3 29.Bxc3 Nd5 30.Ba5 Rd7 31.gxf3 Qb5 32.Be4 Qxa5 33.Bxd5 Qd2 34.Rxc5 
Qxe3+ 35.Kg2 Qd2+ 36.Kg3 Qe1+ 37.Kg4 h5+ 0-1

[Event "22nd EUR-ch (w)"]
[Site "Prague CZE"]
[Date "2022.08.23"]
[Round "4.59"]
[White "Sochorova, Petra"]
[Black "Shatil, Or"]
[Result "1-0"]
[WhiteElo "2019"]
[BlackElo "1842"]
[EventDate "2022.08.20"]
[PlyCount "69"]

1.e4 c6 2.d4 d5 3.Nc3 dxe4 4.Nxe4 Nf6 5.Nxf6+ exf6 6.Be3 Bd6 7.Bd3 Be6 8.
Ne2 O-O 9.c3 Re8 10.Qc2 h5 11.Ng3 h4 12.Nf5 Bxf5 13.Bxf5 Bf4 14.O-O-O 
Bxe3+ 15.fxe3 Qe7 16.Rde1 c5 17.Qf2 g6 18.Bc2 f5 19.Kb1 Nd7 20.e4 fxe4 21.
Rxe4 Qxe4 22.Bxe4 Rxe4 23.Re1 Rae8 24.Rxe4 Rxe4 25.dxc5 Kg7 26.a3 Ne5 27.
Kc2 Ng4 28.Qg1 a5 29.b4 a4 30.b5 Ne5 31.c6 bxc6 32.b6 Re2+ 33.Kd1 Rb2 34.
Qd4 f6 35.Qd8 1-0

[Event "22nd EUR-ch (w)"]
[Site "Prague CZE"]
[Date "2022.08.23"]
[Round "4.60"]
[White "Levitan, Ronit"]
[Black "Pribylova, Sofie"]
[Result "1/2-1/2"]
[WhiteElo "2158"]
[BlackElo "1981"]
[EventDate "2022.08.20"]
[PlyCount "134"]

1.e4 d6 2.d4 Nf6 3.Nc3 c6 4.a4 Qa5 5.Bd2 e5 6.Nf3 exd4 7.Nd5 Qd8 8.Nxf6+ 
Qxf6 9.Bg5 Qe6 10.Qxd4 Nd7 11.O-O-O f6 12.Bf4 Ne5 13.Bg3 Be7 14.Nxe5 fxe5 
15.Qc3 Qf7 16.Bc4 Be6 17.Bxe6 Qxe6 18.Kb1 O-O 19.f3 Kh8 20.Rd3 Rab8 21.
Rhd1 Qc8 22.Qd2 b5 23.a5 b4 24.f4 exf4 25.Bxf4 Qe6 26.Bxd6 Bxd6 27.Rxd6 
Qxe4 28.Rd4 Qe7 29.Rd7 Qc5 30.Qd4 Qxd4 31.R1xd4 h6 32.Rxa7 b3 33.cxb3 Rxb3
34.Rd2 Rb5 35.Rc2 c5 36.Rc7 Rf1+ 37.Rc1 Rxc1+ 38.Kxc1 Rxa5 39.Kc2 Rb5 40.
Kc3 Kh7 41.Rd7 Kg6 42.Rd2 Kf6 43.Kc4 Ra5 44.Rd6+ Ke7 45.Rg6 Kf7 46.Rc6 Ra2
47.Rb6 Ra1 48.Kxc5 Rc1+ 49.Kd4 Rc2 50.h3 Rxg2 51.Rb3 g5 52.Rf3+ Kg6 53.b4 
g4 54.hxg4 Rxg4+ 55.Kc5 h5 56.b5 Rg1 57.Rb3 Kf5 58.b6 h4 59.b7 Rg8 60.b8=Q
Rxb8 61.Rxb8 Kf4 62.Rh8 Kg3 63.Kd4 h3 64.Ke3 Kg2 65.Rg8+ Kf1 66.Rh8 Kg2 
67.Ke2 h2 1/2-1/2

[Event "22nd EUR-ch (w)"]
[Site "Prague CZE"]
[Date "2022.08.23"]
[Round "4.61"]
[White "Acarbay, Algi"]
[Black "Head, Louise"]
[Result "0-1"]
[WhiteElo "1951"]
[BlackElo "2024"]
[EventDate "2022.08.20"]
[PlyCount "64"]

1.e4 c6 2.Nf3 d5 3.d3 Bg4 4.h3 Bxf3 5.Qxf3 e6 6.g3 Nd7 7.Bg2 Ngf6 8.O-O 
Bc5 9.Re1 O-O 10.Nc3 b5 11.exd5 exd5 12.Bf4 Bd4 13.Be3 Bxe3 14.Qxe3 Re8 
15.Qf4 Nc5 16.Ne2 Ne6 17.Qf5 Rb8 18.g4 Qd6 19.h4 Qb4 20.g5 Nd7 21.d4 Ndf8 
22.Qd3 Nf4 23.Qg3 Nxe2+ 24.Rxe2 Rxe2 25.Qxb8 Qxb2 26.Rf1 Qxd4 27.Bf3 Qe5 
28.Qxa7 Rxc2 29.Kg2 g6 30.Qa8 Kg7 31.a4 bxa4 32.Qxa4 Rc4 0-1

[Event "22nd EUR-ch (w)"]
[Site "Prague CZE"]
[Date "2022.08.24"]
[Round "5.1"]
[White "Dzagnidze, Nana"]
[Black "Ushenina, Anna"]
[Result "1/2-1/2"]
[WhiteElo "2531"]
[BlackElo "2423"]
[EventDate "2022.08.20"]
[PlyCount "50"]

1.c4 e6 2.Nc3 d5 3.d4 Nf6 4.Bg5 dxc4 5.e4 c5 6.Nf3 cxd4 7.Nxd4 Bc5 8.Nc2 
Qc7 9.f3 a6 10.Bxc4 Nbd7 11.Qd2 b5 12.Bb3 O-O 13.Be3 Ne5 14.Bxc5 Qxc5 15.
Qe3 Qc7 16.O-O Bb7 17.a4 bxa4 18.Nxa4 Bc6 19.Nd4 Bxa4 20.Bxa4 Rfd8 21.b3 
Qb6 22.Nc2 Qc7 23.Nd4 Qb6 24.Nc2 Qc7 25.Nd4 Qb6 1/2-1/2

[Event "22nd EUR-ch (w)"]
[Site "Prague CZE"]
[Date "2022.08.24"]
[Round "5.2"]
[White "Mammadzada, Gunay"]
[Black "Mammadova, Gulnar"]
[Result "1/2-1/2"]
[WhiteElo "2466"]
[BlackElo "2380"]
[EventDate "2022.08.20"]
[PlyCount "50"]

1.e4 e6 2.d4 d5 3.Nc3 Nf6 4.Bg5 dxe4 5.Nxe4 Be7 6.Nxf6+ Bxf6 7.Bxf6 Qxf6 
8.Nf3 c5 9.Qd3 Nc6 10.O-O-O cxd4 11.Nxd4 Nxd4 12.Qxd4 Qxd4 13.Rxd4 Bd7 14.
Bd3 Bc6 15.Be4 Bxe4 16.Rxe4 O-O-O 17.Rd1 Rxd1+ 18.Kxd1 Rd8+ 19.Ke2 h5 20.
Rc4+ Kb8 21.c3 Rd5 22.h4 Re5+ 23.Kd2 Rd5+ 24.Ke2 Re5+ 25.Kd2 Rd5+ 1/2-1/2

[Event "22nd EUR-ch (w)"]
[Site "Prague CZE"]
[Date "2022.08.24"]
[Round "5.3"]
[White "Fataliyeva, Ulviyya"]
[Black "Danielian, Elina"]
[Result "1/2-1/2"]
[WhiteElo "2413"]
[BlackElo "2441"]
[EventDate "2022.08.20"]
[PlyCount "104"]

1.Nf3 d6 2.d4 g6 3.e4 Bg7 4.Bd3 c5 5.dxc5 Qa5+ 6.c3 Qxc5 7.Be3 Qc7 8.Qd2 
Nd7 9.Nd4 a6 10.a4 Ngf6 11.f3 d5 12.exd5 Nxd5 13.Bf2 O-O 14.O-O Rd8 15.Rd1
Nc5 16.Bc2 e5 17.Nb3 Nxb3 18.Bxb3 Be6 19.Bxd5 Rxd5 20.Qe1 Rxd1 21.Qxd1 Rd8
22.Qe1 Bh6 23.Na3 Bb3 24.Qe4 Rd2 25.Rb1 Ba2 26.Re1 Rxb2 27.Qxe5 Qxe5 28.
Rxe5 f6 29.Re8+ Kf7 30.Rc8 Rb3 31.Nc2 Rb1+ 32.Ne1 Bd5 33.Rc7+ Ke6 34.c4 
Bc6 35.a5 Bd2 36.Kf1 h5 37.Rg7 g5 38.Ke2 Bxa5 39.Nc2 Rb2 40.Kd3 Rb3+ 41.
Ke2 Kd6 42.Bd4 Bc3 43.Rf7 Bxd4 44.Nxd4 Rb2+ 45.Kd3 Rxg2 46.Rxf6+ Ke7 47.
Rh6 Rxh2 48.Nxc6+ bxc6 49.Rxc6 a5 50.Rc5 a4 51.Ra5 h4 52.Rxa4 Ke6 1/2-1/2

[Event "22nd EUR-ch (w)"]
[Site "Prague CZE"]
[Date "2022.08.24"]
[Round "5.4"]
[White "Socko, Monika"]
[Black "Zawadzka, Jolanta"]
[Result "1-0"]
[WhiteElo "2423"]
[BlackElo "2412"]
[EventDate "2022.08.20"]
[PlyCount "75"]

1.d4 d5 2.c4 e6 3.Nf3 Nf6 4.g3 dxc4 5.Bg2 a6 6.Ne5 Bb4+ 7.Bd2 Qxd4 8.Bxb4 
Qxe5 9.Na3 Nc6 10.Bxc6+ bxc6 11.f3 Rb8 12.Bc3 Qd5 13.Qa4 O-O 14.Rd1 Qc5 
15.Bd4 Qe7 16.Nxc4 Nd5 17.O-O c5 18.Bf2 Bd7 19.Qa3 Rb4 20.Rc1 Rfb8 21.b3 
R4b5 22.Qxa6 Nb4 23.Qa3 e5 24.Rfd1 e4 25.Qb2 f6 26.a4 R5b7 27.Qd2 Bc6 28.
Na5 exf3 29.Nxc6 Nxc6 30.Qd5+ Kh8 31.Qxc6 fxe2 32.Rd7 Qe8 33.Rxc7 Rxc7 34.
Qxc7 Rxb3 35.Qxc5 Rd3 36.Qc2 Rd5 37.Qxe2 Qd8 38.Qe6 1-0

[Event "22nd EUR-ch (w)"]
[Site "Prague CZE"]
[Date "2022.08.24"]
[Round "5.5"]
[White "Stefanova, Antoaneta"]
[Black "Krasteva, Beloslava"]
[Result "1-0"]
[WhiteElo "2472"]
[BlackElo "2269"]
[EventDate "2022.08.20"]
[PlyCount "81"]

1.d4 Nf6 2.c4 e6 3.Nf3 b6 4.g3 Bb7 5.Bg2 Be7 6.O-O O-O 7.Re1 Ne4 8.Nfd2 d5
9.Nxe4 dxe4 10.Nc3 f5 11.Be3 Bf6 12.Qd2 Nc6 13.Rad1 Qc8 14.d5 Ne5 15.b3 
Rd8 16.f3 exf3 17.exf3 c6 18.Bd4 Nd7 19.Rxe6 cxd5 20.Nxd5 Bxd5 21.cxd5 
Bxd4+ 22.Qxd4 Nf6 23.Rc6 Qa6 24.Bf1 Qxa2 25.d6 Kh8 26.Bc4 b5 27.Bf7 Qe2 
28.Rc3 Rac8 29.Re3 Qc2 30.Be6 Rc6 31.d7 h6 32.Rd2 Qc1+ 33.Kg2 Rc2 34.Ree2 
Rc7 35.Bxf5 Qc6 36.Re7 a5 37.Rde2 a4 38.bxa4 bxa4 39.Qxf6 Qxf6 40.Re8+ Qf8
41.Rxf8+ 1-0

[Event "22nd EUR-ch (w)"]
[Site "Prague CZE"]
[Date "2022.08.24"]
[Round "5.6"]
[White "Narva, Mai"]
[Black "Brunello, Marina"]
[Result "0-1"]
[WhiteElo "2405"]
[BlackElo "2341"]
[EventDate "2022.08.20"]
[PlyCount "154"]

1.e4 c5 2.Nf3 d6 3.Bb5+ Nd7 4.a4 Nf6 5.Nc3 g6 6.a5 a6 7.Be2 Bg7 8.d3 O-O 
9.O-O b5 10.axb6 a5 11.Be3 Bb7 12.Qd2 Bc6 13.Bh6 a4 14.Ra2 Qxb6 15.Bxg7 
Kxg7 16.Rfa1 Rfb8 17.Qe3 e5 18.Nd2 Qd8 19.h3 h5 20.Rf1 Qe7 21.Qg3 Rb4 22.
Nc4 Rab8 23.Na5 Ba8 24.Nxa4 d5 25.f3 Qd8 26.Nb3 c4 27.dxc4 dxc4 28.Nd2 Nb6
29.Nxb6 Qxb6+ 30.Qf2 Qxf2+ 31.Kxf2 Rxb2 32.Bxc4 Bc6 33.Rxb2 Rxb2 34.Bb3 
Bb5 35.Ra1 Bd3 36.Rb1 Rxb1 37.Nxb1 Ba6 38.h4 Nd7 39.Nd2 Nb6 40.Ke3 Kf6 41.
Bd5 Ke7 42.c4 f5 43.c5 Na4 44.Nb3 f4+ 45.Kd2 Bf1 46.Kc2 Bxg2 47.c6 Bxf3 
48.c7 Bg4 49.Na5 Nb6 50.Bb3 Na8 51.Nc6+ Kf6 52.Kd2 Nxc7 53.Ke1 Be6 54.Bc2 
Na6 55.Kf2 Bd7 56.Na5 Nc5 57.Nc4 Bb5 58.Nb6 Bd3 59.Bxd3 Nxd3+ 60.Ke2 Nc5 
61.Kf3 Ke6 62.Nd5 Nb3 63.Ke2 Kd6 64.Nf6 Nc5 65.Kf3 Nd7 66.Nd5 Kc5 67.Ne7 
Nf8 68.Ke2 Kd6 69.Nd5 Nh7 70.Kd3 g5 71.hxg5 Nxg5 72.Nf6 h4 73.Ng4 h3 74.
Nf2 h2 75.Ke2 Kc6 76.Kf1 Nxe4 77.Nh1 Ng3+ 0-1

[Event "22nd EUR-ch (w)"]
[Site "Prague CZE"]
[Date "2022.08.24"]
[Round "5.7"]
[White "Kiolbasa, Oliwia"]
[Black "Gevorgian, Maria"]
[Result "0-1"]
[WhiteElo "2383"]
[BlackElo "2216"]
[EventDate "2022.08.20"]
[PlyCount "114"]

1.e4 e5 2.Nf3 Nc6 3.Bb5 a6 4.Ba4 Nf6 5.Nc3 Bc5 6.d3 h6 7.Nd5 Nxd5 8.exd5 
Nd4 9.c3 Nxf3+ 10.Qxf3 Qh4 11.Bc2 d6 12.h3 O-O 13.g3 Qe7 14.Be3 Bxe3 15.
fxe3 Bd7 16.O-O-O c6 17.dxc6 bxc6 18.d4 Rab8 19.g4 Be6 20.b3 a5 21.h4 a4 
22.bxa4 Bd5 23.e4 Bxa2 24.g5 h5 25.Qxh5 Qb7 26.Kd2 exd4 27.e5 dxc3+ 28.Ke1
g6 29.Qe2 Bd5 30.Rh3 Rfe8 31.Re3 Qb4 32.Qf2 Qc5 33.h5 Rb2 34.Rc1 Bb3 35.
hxg6 Rxe5 36.gxf7+ Kf8 37.Rxe5 Qxf2+ 38.Kxf2 dxe5 39.Ke3 Bxc2 40.g6 Bxg6 
41.Rxc3 Rb6 42.a5 Ra6 43.Rc5 e4 44.Kf4 Kxf7 45.Ke3 Ke6 46.Kd4 Kd6 47.Rg5 
Bf7 48.Kxe4 Bd5+ 49.Kd4 c5+ 50.Kd3 Rxa5 51.Rg6+ Be6 52.Rh6 Ra3+ 53.Ke4 
Ra4+ 54.Kd3 Rg4 55.Rf6 Ke5 56.Rh6 Rg3+ 57.Kd2 c4 0-1

[Event "22nd EUR-ch (w)"]
[Site "Prague CZE"]
[Date "2022.08.24"]
[Round "5.8"]
[White "Gaal, Zsoka"]
[Black "Mkrtchian, Lilit"]
[Result "0-1"]
[WhiteElo "2313"]
[BlackElo "2362"]
[EventDate "2022.08.20"]
[PlyCount "64"]

1.Nf3 Nf6 2.g3 g6 3.Bg2 Bg7 4.d4 d6 5.c4 O-O 6.Nc3 Nc6 7.O-O e5 8.dxe5 
dxe5 9.Bg5 Be6 10.Nd2 h6 11.Bxf6 Bxf6 12.Nd5 Bg7 13.Ne4 f5 14.Nc5 Bc8 15.
Qa4 Qd6 16.b4 a5 17.a3 Ra7 18.Qd1 axb4 19.axb4 Rxa1 20.Qxa1 Nxb4 21.Qa5 
Nc6 22.Qb5 Nd4 23.Qb4 Nxe2+ 24.Kh1 e4 25.Re1 Nd4 26.Na4 Qxb4 27.Nxb4 c6 
28.Nc5 Rd8 29.Na2 Bf8 30.Na4 Be6 31.Bf1 Nf3 32.Rc1 Rd2 0-1

[Event "22nd EUR-ch (w)"]
[Site "Prague CZE"]
[Date "2022.08.24"]
[Round "5.9"]
[White "Malcewska, Aleksandra"]
[Black "Hajiyeva, Laman"]
[Result "1-0"]
[WhiteElo "2360"]
[BlackElo "2042"]
[EventDate "2022.08.20"]
[PlyCount "65"]

1.e4 c6 2.d4 d5 3.e5 Bf5 4.h4 h5 5.Bd3 Bxd3 6.Qxd3 Qa5+ 7.Nd2 e6 8.Nf3 Nh6
9.c4 dxc4 10.Qxc4 Nd7 11.O-O Nb6 12.Qc2 Nf5 13.Rd1 Be7 14.Ne4 Qd5 15.Bg5 
Bxg5 16.Nfxg5 Qd7 17.a4 Nd5 18.a5 a6 19.Ra3 Qe7 20.Rb3 f6 21.Nf3 O-O 22.
Nc5 Rab8 23.exf6 Rxf6 24.Nxa6 Rbf8 25.Nc5 Rg6 26.Rxb7 Rxg2+ 27.Kxg2 Nxh4+ 
28.Kh1 Qf6 29.Qe4 Qxf3+ 30.Qxf3 Rxf3 31.Rb3 Rxf2 32.Ne4 Rf4 33.Ng5 1-0

[Event "22nd EUR-ch (w)"]
[Site "Prague CZE"]
[Date "2022.08.24"]
[Round "5.10"]
[White "Koridze, Lile"]
[Black "Batsiashvili, Nino"]
[Result "0-1"]
[WhiteElo "2081"]
[BlackElo "2466"]
[EventDate "2022.08.20"]
[PlyCount "54"]

1.d4 Nf6 2.c4 c5 3.d5 b5 4.e3 bxc4 5.Bxc4 g6 6.Nc3 d6 7.Nge2 Bg7 8.O-O O-O
9.e4 Ba6 10.Bxa6 Nxa6 11.Rb1 Rb8 12.b3 Rb4 13.f3 Nd7 14.Be3 Ne5 15.Qd2 Re8
16.Nf4 Qa5 17.Rfc1 Reb8 18.Qc2 Nc7 19.Bd2 Qa6 20.a4 Qb6 21.a5 Qb7 22.Qd1 
Rxb3 23.Rxb3 Qxb3 24.Qf1 Nc4 25.Be1 Na3 26.Qe2 Ncb5 27.Qd3 c4 0-1

[Event "22nd EUR-ch (w)"]
[Site "Prague CZE"]
[Date "2022.08.24"]
[Round "5.11"]
[White "Rudzinska, Michalina"]
[Black "Salimova, Nurgyul"]
[Result "0-1"]
[WhiteElo "2287"]
[BlackElo "2404"]
[EventDate "2022.08.20"]
[PlyCount "102"]

1.e4 c6 2.Nc3 d5 3.Nf3 dxe4 4.Nxe4 Nf6 5.Qe2 Nxe4 6.Qxe4 Nd7 7.d4 Nf6 8.
Qd3 g6 9.Be2 Bg7 10.O-O O-O 11.Re1 Bf5 12.Qb3 Qc7 13.c3 Rad8 14.Bf1 a6 15.
Ne5 Nd5 16.g3 c5 17.Bg2 e6 18.Bd2 b5 19.Rac1 c4 20.Qd1 f6 21.Ng4 Rfe8 22.
Ne3 Nxe3 23.Bxe3 e5 24.Qf3 e4 25.Qd1 Qd7 26.f3 exf3 27.Bxf3 Bd3 28.Qd2 g5 
29.Qg2 Qd6 30.Bd2 b4 31.Bc6 Rf8 32.d5 bxc3 33.Bxc3 Rf7 34.Re6 Qc5+ 35.Qf2 
Qxf2+ 36.Kxf2 Bf8 37.Bd4 f5 38.Rce1 f4 39.Re8 fxg3+ 40.Kxg3 Rxe8 41.Rxe8 
Bf5 42.Ra8 h5 43.d6 Kh7 44.Be5 h4+ 45.Kg2 Bd3 46.Bf3 g4 47.Bd5 Rf5 48.d7 
Be7 49.Rh8+ Kg6 50.Rg8+ Kh5 51.Re8 h3+ 0-1

[Event "22nd EUR-ch (w)"]
[Site "Prague CZE"]
[Date "2022.08.24"]
[Round "5.12"]
[White "Injac, Teodora"]
[Black "Radeva, Viktoria"]
[Result "1/2-1/2"]
[WhiteElo "2389"]
[BlackElo "2289"]
[EventDate "2022.08.20"]
[PlyCount "102"]

1.d4 d5 2.c4 e6 3.Nc3 a6 4.cxd5 exd5 5.Nf3 Nf6 6.Bg5 Be6 7.e3 Nbd7 8.h3 
Bd6 9.Bd3 c6 10.Bf4 Qc7 11.Bxd6 Qxd6 12.O-O O-O 13.a4 a5 14.Qb3 Qb4 15.Qc2
h6 16.Ne5 Nxe5 17.dxe5 Nd7 18.f4 d4 19.exd4 Qxd4+ 20.Kh1 Nc5 21.Bh7+ Kh8 
22.Bf5 Bb3 23.Qf2 Qxf2 24.Rxf2 Rfd8 25.Bc2 Rd4 26.f5 Re8 27.Bxb3 Nxb3 28.
Re1 Nc5 29.Re3 Kg8 30.Kh2 Nxa4 31.Nxa4 Rxa4 32.Rd2 Rf4 33.g4 Rb4 34.Kg3 
Rb5 35.Rde2 Kf8 36.h4 Rd5 37.g5 hxg5 38.hxg5 f6 39.exf6 Rxe3+ 40.Rxe3 gxf6
41.Kg4 fxg5 42.Kxg5 Kf7 43.Rh3 Kg7 44.Re3 Rd7 45.Rh3 a4 46.f6+ Kg8 47.Kg6 
b5 48.Rh4 Rd6 49.Rh5 Rd7 50.Re5 Kf8 51.Rh5 Kg8 1/2-1/2

[Event "22nd EUR-ch (w)"]
[Site "Prague CZE"]
[Date "2022.08.24"]
[Round "5.13"]
[White "Mkrtchian, Mariam"]
[Black "Tsolakidou, Stavroula"]
[Result "0-1"]
[WhiteElo "2285"]
[BlackElo "2388"]
[EventDate "2022.08.20"]
[PlyCount "76"]

1.d4 Nf6 2.c4 g6 3.Nf3 Bg7 4.g3 O-O 5.Bg2 d6 6.Nc3 c6 7.e4 Qb6 8.h3 e5 9.
dxe5 dxe5 10.O-O Re8 11.Qc2 Na6 12.Be3 Qb4 13.Nd2 Qe7 14.a3 Be6 15.b4 Nh5 
16.Ne2 Nc7 17.Kh2 f5 18.exf5 gxf5 19.Rae1 Kh8 20.Bc5 Qf7 21.f4 e4 22.g4 
fxg4 23.Nxe4 Qg6 24.Bd4 g3+ 25.Kg1 Bf5 26.Be5 Ne6 27.Qd3 Bxe5 28.fxe5 Ng5 
29.N2xg3 Nxh3+ 30.Kh2 N3f4 31.Qc3 Bxe4 32.Bxe4 Qg5 33.e6+ Nf6 34.Rh1 Rg8 
35.Re3 Qh4+ 36.Kg1 Rxg3+ 37.Rxg3 Ne2+ 38.Kf2 Qxg3+ 0-1

[Event "22nd EUR-ch (w)"]
[Site "Prague CZE"]
[Date "2022.08.24"]
[Round "5.15"]
[White "Sargsian, Anna M."]
[Black "Sieber, Fiona"]
[Result "1-0"]
[WhiteElo "2378"]
[BlackElo "2280"]
[EventDate "2022.08.20"]
[PlyCount "53"]

1.e4 c5 2.Nf3 e6 3.d4 cxd4 4.Nxd4 Nf6 5.Nc3 Nc6 6.Nxc6 bxc6 7.e5 Nd5 8.Ne4
Qc7 9.f4 Qb6 10.a3 f5 11.exf6 Nxf6 12.Nxf6+ gxf6 13.Qh5+ Kd8 14.Bd3 Bb7 
15.Bd2 c5 16.O-O-O Bd6 17.Rhe1 f5 18.Bc3 Rf8 19.g3 Bd5 20.Bg7 Rb8 21.c4 
Ba8 22.Rd2 Re8 23.Red1 Bc6 24.Bxf5 exf5 25.Rxd6 Re4 26.Qf7 Qb7 27.Bc3 1-0